Preparing instructional objectives

Bibliographic Details
Main Author: Mager, Robert F. (Author)
Format: Book
Language:English
Published: California : Pitman Learning. Inc 1984
Edition:Revised Second Edition
Subjects:

MARC

LEADER 00000cam a2200000 7i4500
001 0000002046
005 20240925.0
008 991127 caua eng
020 |a 0822443414 
040 |a INS   |b eng   |e rda 
090 0 0 |a LB1028.5.   |b M2 1984 
100 1 |a Mager, Robert F. ,   |e author 
245 1 0 |a Preparing instructional objectives   |c Robert F. Mager 
250 |a Revised Second Edition 
264 1 |a California :   |b Pitman Learning. Inc   |c 1984 
300 |a vi, 136 pages :   |b illustrations ;   |c 23 cm. 
336 |a text  |2 rdacontent 
337 |a unmediated  |2 rdamedia 
338 |a volume  |2 rdacarrier 
650 0 |a Educational   |x Aims and objectives 
999 |a 0000001591   |b BOOK   |c Open Shelf   |e Default branch